[Event "NB II. Toth Laszlo csoport"]
[Site "Szeged"]
[Date "2024.04.07"]
[Round "7.2"]
[White "Pap, Andras"]
[Black "Varga, Tamas"]
[Result "1-0"]
[WhiteElo "2164"]
[BlackElo "2150"]
[PlyCount "119"]
[EventDate "2023.10.08"]
[EventType "team-tourn"]
[EventRounds "9"]
[EventCountry "HUN"]
[Source "chess.hu"]
[WhiteTeam "Maroczy SE II."]
[BlackTeam "Bekesi TE"]
[WhiteTeamCountry "HUN"]
[BlackTeamCountry "HUN"]

1. c4 e5 2. Nc3 Nc6 3. Nf3 f5 4. d4 e4 5. d5 exf3 6. dxc6 bxc6 7. gxf3 Qh4 8.
Qd3 Bc5 9. e3 Ne7 10. Bd2 Rb8 11. a3 O-O 12. b4 Bd6 13. c5 Be5 14. f4 Bf6 15.
Rb1 Rd8 16. Qc4+ Kf8 17. Bg2 d5 18. Qd3 Be6 19. Ne2 d4 20. Nxd4 Bxd4 21. exd4
Bd5 22. Bxd5 Rxd5 23. Be3 Ng6 24. Qa6 Re8 25. Kd2 Qf6 26. Kc2 Qe6 27. Kc3 Qe4
28. Qxc6 Nxf4 29. Qb5 Ne6 30. Rhd1 f4 31. Qd3 Qxd3+ 32. Rxd3 fxe3 33. fxe3 Rf5
34. Rb2 Ke7 35. e4 Rf4 36. d5 Ng5 37. e5 Re4 38. e6 Rd8 39. Rf2 Re5 40. Kc4
Re4+ 41. Kb5 Nxe6 42. Rfd2 Nf4 43. Rg3 g6 44. Kc6 Re6+ 45. dxe6 Rxd2 46. Kxc7
Nxe6+ 47. Kb7 Rd7+ 48. Kb8 Nd4 49. Rc3 Nb5 50. Re3+ Kd8 51. a4 Nd4 52. b5 Rd5
53. Rd3 Ke7 54. Rc3 Ne6 55. c6 Rd8+ 56. Kb7 Kd6 57. c7 Nxc7 58. Rxc7 a5 59.
bxa6 Ra8 60. Rxh7 1-0

[Event "NB II. Toth Laszlo csoport"]
[Site "Szeged"]
[Date "2024.04.07"]
[Round "7.3"]
[White "Somogyi, Gabor"]
[Black "Megyaszai, Balazs"]
[Result "0-1"]
[WhiteElo "1912"]
[BlackElo "2044"]
[PlyCount "72"]
[EventDate "2023.10.08"]
[EventType "team-tourn"]
[EventRounds "9"]
[EventCountry "HUN"]
[Source "chess.hu"]
[WhiteTeam "Bekesi TE"]
[BlackTeam "Maroczy SE II."]
[WhiteTeamCountry "HUN"]
[BlackTeamCountry "HUN"]

1. d4 d5 2. Nf3 Nf6 3. c4 e6 4. Nc3 c6 5. Bg5 dxc4 6. Bxf6 Qxf6 7. a4 Bb4 8. g3
b5 9. Bg2 Bb7 10. Ne5 Qe7 11. O-O a6 12. e3 Bxc3 13. bxc3 O-O 14. Qc2 Qc7 15.
f4 Nd7 16. Rf2 c5 17. Bxb7 Qxb7 18. Rb1 cxd4 19. exd4 Qd5 20. Rb4 Ra7 21. Qb1
Nxe5 22. fxe5 Rb7 23. axb5 axb5 24. Rfb2 Rfb8 25. Qc2 Ra7 26. Ra2 Rba8 27. Rbb2
h6 28. Rxa7 Rxa7 29. Ra2 Rxa2 30. Qxa2 b4 31. cxb4 Qxd4+ 32. Kf1 c3 33. Qc2
Qxb4 34. Ke2 Qd4 35. Qd3 Qxe5+ 36. Kd1 Qd5 0-1

[Event "NB II. Toth Laszlo csoport"]
[Site "Szeged"]
[Date "2024.04.07"]
[Round "7.4"]
[White "Papp Z., Csaba"]
[Black "Takacs, Lajos"]
[Result "1/2-1/2"]
[WhiteElo "2112"]
[BlackElo "1988"]
[PlyCount "84"]
[EventDate "2023.10.08"]
[EventType "team-tourn"]
[EventRounds "9"]
[EventCountry "HUN"]
[Source "chess.hu"]
[WhiteTeam "Maroczy SE II."]
[BlackTeam "Bekesi TE"]
[WhiteTeamCountry "HUN"]
[BlackTeamCountry "HUN"]

1. e4 g6 2. h4 h6 3. d4 c6 4. Nc3 d6 5. Be3 Nd7 6. Qd2 b5 7. d5 cxd5 8. Qxd5
Rb8 9. Bxa7 Ngf6 10. Qb3 Rb7 11. Be3 b4 12. Nd5 Nxe4 13. Qa4 Nec5 14. Bxc5 dxc5
15. O-O-O e6 16. Ne3 Bg7 17. Qb3 O-O 18. f4 Qf6 19. g3 Nb6 20. Nf3 Bd7 21. Ne5
Ba4 22. Qd3 c4 23. Qe4 Rc7 24. N3xc4 Nxc4 25. Bxc4 Rfc8 26. Rh2 Qe7 27. b3 Bc6
28. Qe3 Ra8 29. c3 Bd5 30. cxb4 Bxe5 31. Qxe5 Bxc4 32. Rc2 Rac8 33. bxc4 Qxb4
34. Qb2 Qc5 35. Kb1 Qe3 36. Rc3 Qe4+ 37. Qc2 Qc6 38. Ka1 Ra7 39. Rcd3 Qb6 40.
c5 Rxc5 41. Qb2 Qxb2+ 42. Kxb2 Rca5 1/2-1/2

[Event "NB II. Toth Laszlo csoport"]
[Site "Szeged"]
[Date "2024.04.07"]
[Round "7.5"]
[White "Nagy, Gabor Dr"]
[Black "Papp, Balazs"]
[Result "0-1"]
[WhiteElo "1881"]
[BlackElo "2027"]
[PlyCount "120"]
[EventDate "2023.10.08"]
[EventType "team-tourn"]
[EventRounds "9"]
[EventCountry "HUN"]
[Source "chess.hu"]
[WhiteTeam "Bekesi TE"]
[BlackTeam "Maroczy SE II."]
[WhiteTeamCountry "HUN"]
[BlackTeamCountry "HUN"]

1. e4 g6 2. d4 Bg7 3. Be3 d6 4. c4 Nc6 5. Nc3 e5 6. d5 Nd4 7. Nge2 Bg4 8. Qd2
Bxe2 9. Nxe2 Nf6 10. f3 c5 11. dxc6 Nxc6 12. Rd1 O-O 13. c5 dxc5 14. Qxd8 Rfxd8
15. Rxd8+ Rxd8 16. Bxc5 Bf8 17. Bxf8 Kxf8 18. Nc1 Nd4 19. Bd3 Nh5 20. Kf2 Nf4
21. Bb1 Nc6 22. Nb3 Nb4 23. g3 Nfd3+ 24. Ke2 Nxb2 25. Rc1 Rd7 26. Nc5 Re7 27.
a3 Nc6 28. Ke3 b6 29. Nd3 Nxd3 30. Bxd3 Nd4 31. f4 Nb3 32. Rc8+ Kg7 33. Bc4 Nc5
34. fxe5 Rxe5 35. Bd5 Re7 36. Kd4 Kf6 37. Rc6+ Kg5 38. h3 h5 39. e5 Kh6 40. g4
hxg4 41. hxg4 Rd7 42. Kc4 Kg7 43. g5 Kf8 44. Rf6 Kg7 45. Bc6 Re7 46. Kd5 Ne6
47. Kd6 Kf8 48. Be4 Nxg5 49. Bxg6 Re6+ 50. Rxe6 Nxe6 51. Bf5 Nd4 52. Bd7 Nf3
53. Bc6 Nd4 54. Bd7 Nc2 55. a4 Nd4 56. Kd5 Ke7 57. Bg4 Nb3 58. Be2 Nc5 59. a5
Ne6 60. axb6 axb6 0-1

[Event "NB II. Toth Laszlo csoport"]
[Site "Szeged"]
[Date "2024.04.07"]
[Round "7.6"]
[White "Toth, Daniel"]
[Black "Vertes, Imre"]
[Result "1-0"]
[WhiteElo "2061"]
[BlackElo "1879"]
[PlyCount "51"]
[EventDate "2023.10.08"]
[EventType "team-tourn"]
[EventRounds "9"]
[EventCountry "HUN"]
[Source "chess.hu"]
[WhiteTeam "Maroczy SE II."]
[BlackTeam "Bekesi TE"]
[WhiteTeamCountry "HUN"]
[BlackTeamCountry "HUN"]

1. d4 e6 2. c4 Nf6 3. Nc3 Bb4 4. e3 b6 5. Qf3 d5 6. Bd2 Bb7 7. Nge2 Nbd7 8. a3
Bxc3 9. Nxc3 Ne4 10. Nxe4 dxe4 11. Qg3 O-O 12. Bc3 Nf6 13. Be2 Qe7 14. O-O Rfd8
15. Bb4 Qd7 16. Rad1 c6 17. Bc3 Qe7 18. f3 Rd7 19. d5 exd5 20. fxe4 Ne8 21.
cxd5 Qxe4 22. Rd4 Qe7 23. Bc4 cxd5 24. Bb5 Rc7 25. Bxe8 Rxe8 26. Re4 1-0

[Event "NB II. Toth Laszlo csoport"]
[Site "Szeged"]
[Date "2024.04.07"]
[Round "7.7"]
[White "Gosztolya, Ferenc Dr"]
[Black "Linczer, Janos"]
[Result "1/2-1/2"]
[WhiteElo "1938"]
[BlackElo "2083"]
[PlyCount "37"]
[EventDate "2023.10.08"]
[EventType "team-tourn"]
[EventRounds "9"]
[EventCountry "HUN"]
[Source "chess.hu"]
[WhiteTeam "Bekesi TE"]
[BlackTeam "Maroczy SE II."]
[WhiteTeamCountry "HUN"]
[BlackTeamCountry "HUN"]

1. c4 c5 2. Nc3 Nc6 3. g3 Nf6 4. Bg2 g6 5. Nf3 Bg7 6. O-O O-O 7. d4 cxd4 8.
Nxd4 Nxd4 9. Qxd4 d6 10. Qd3 Rb8 11. Be3 b6 12. Nb5 Qd7 13. Qa3 a6 14. Nd4 Bb7
15. f3 d5 16. cxd5 Nxd5 17. Bf2 Nf4 18. gxf4 Bxd4 19. Rfd1 1/2-1/2

[Event "NB II. Toth Laszlo csoport"]
[Site "Szeged"]
[Date "2024.04.07"]
[Round "7.8"]
[White "Borus, Andras"]
[Black "Balog, Imre"]
[Result "0-1"]
[WhiteElo "1975"]
[BlackElo "1869"]
[PlyCount "66"]
[EventDate "2023.10.08"]
[EventType "team-tourn"]
[EventRounds "9"]
[EventCountry "HUN"]
[Source "chess.hu"]
[WhiteTeam "Maroczy SE II."]
[BlackTeam "Bekesi TE"]
[WhiteTeamCountry "HUN"]
[BlackTeamCountry "HUN"]

1. Nf3 Nf6 2. g3 d5 3. d3 c5 4. Bg2 g6 5. Nbd2 d4 6. O-O Bg7 7. Nb3 Nbd7 8. e4
dxe3 9. fxe3 O-O 10. e4 Qc7 11. Qe2 Ne5 12. Nxe5 Qxe5 13. c3 Bg4 14. Qe3 Rac8
15. Re1 b6 16. Qf4 Qxf4 17. Bxf4 Rfd8 18. Bf1 Nd7 19. d4 e5 20. Bg5 f6 21. Be3
exd4 22. cxd4 cxd4 23. Nxd4 Ne5 24. Rec1 Rxc1 25. Rxc1 Rxd4 26. Bxd4 Nf3+ 27.
Kf2 Nxd4 28. Rc7 a5 29. Rb7 Bf8 30. Bc4+ Be6 31. Bxe6+ Nxe6 32. Ke2 Bc5 33. h3
Ng5 0-1

[Event "NB II. Toth Laszlo csoport"]
[Site "Szeged"]
[Date "2024.04.07"]
[Round "7.9"]
[White "Deak, Zoltan"]
[Black "Ohat, Imre"]
[Result "1/2-1/2"]
[WhiteElo "1882"]
[BlackElo "1965"]
[PlyCount "22"]
[EventDate "2023.10.08"]
[EventType "team-tourn"]
[EventRounds "9"]
[EventCountry "HUN"]
[Source "chess.hu"]
[WhiteTeam "Bekesi TE"]
[BlackTeam "Maroczy SE II."]
[WhiteTeamCountry "HUN"]
[BlackTeamCountry "HUN"]

1. d4 Nf6 2. Nf3 e6 3. Bf4 d5 4. e3 Bd6 5. Bg3 c6 6. c3 Qc7 7. Nbd2 Nbd7 8. Bd3
e5 9. dxe5 Nxe5 10. Nxe5 Bxe5 11. Bxe5 Qxe5 1/2-1/2

[Event "NB II. Toth Laszlo csoport"]
[Site "Szeged"]
[Date "2024.04.07"]
[Round "7.10"]
[White "Bernath, Robert"]
[Black "Vamosi, Peter Istvan"]
[Result "1-0"]
[WhiteElo "1918"]
[BlackElo "1677"]
[PlyCount "133"]
[EventDate "2023.10.08"]
[EventType "team-tourn"]
[EventRounds "9"]
[EventCountry "HUN"]
[Source "chess.hu"]
[WhiteTeam "Maroczy SE II."]
[BlackTeam "Bekesi TE"]
[WhiteTeamCountry "HUN"]
[BlackTeamCountry "HUN"]

1. e4 c5 2. Nf3 d6 3. d4 cxd4 4. Nxd4 a6 5. Nc3 e5 6. Nb3 Nf6 7. f3 Be6 8. Be3
d5 9. exd5 Nxd5 10. Nxd5 Qxd5 11. Qxd5 Bxd5 12. O-O-O Bxb3 13. axb3 Nd7 14. Bc4
Bc5 15. Bxf7+ Kxf7 16. Rxd7+ Ke6 17. Rd3 Rac8 18. Bxc5 Rxc5 19. Re1 Rhc8 20. c3
Kf5 21. b4 Rc4 22. Rd5 Re8 23. Rd7 a5 24. bxa5 Rc5 25. Rxb7 Rxa5 26. Kc2 Kf6
27. Re4 h5 28. Kd3 Rd8+ 29. Kc2 Rad5 30. Re2 g5 31. c4 Rd4 32. b3 g4 33. fxg4
hxg4 34. c5 e4 35. b4 Ra8 36. Kb3 Ra1 37. c6 Rd3+ 38. Kc4 Rc1+ 39. Kb5 e3 40.
Rd7 Rdc3 41. Rd5 Rxc6 42. Rxe3 Rc8 43. Re4 Rb8+ 44. Ka4 g3 45. hxg3 Rc2 46. g4
Rxg2 47. g5+ Kf7 48. Red4 Kg6 49. Rd8 Rb7 50. R4d7 Rxd7 51. Rxd7 Rxg5 52. Re7
Kf6 53. Re1 Rg4 54. Ka5 Rg2 55. Kb6 Rb2 56. b5 Kf7 57. Kc6 Rc2+ 58. Kb7 Rb2 59.
b6 Rb4 60. Kc7 Rc4+ 61. Kb8 Rb4 62. b7 Rb3 63. Re4 Rd3 64. Kc7 Rc3+ 65. Kb6
Rb3+ 66. Kc6 Rc3+ 67. Kb5 1-0

[Event "NB II. Toth Laszlo csoport"]
[Site "Szeged"]
[Date "2024.04.07"]
[Round "7.11"]
[White "Kovacs, Gergo Patrik"]
[Black "Szamko, Hanna"]
[Result "1-0"]
[WhiteElo "1702"]
[BlackElo "1817"]
[PlyCount "73"]
[EventDate "2023.10.08"]
[EventType "team-tourn"]
[EventRounds "9"]
[EventCountry "HUN"]
[Source "chess.hu"]
[WhiteTeam "Bekesi TE"]
[BlackTeam "Maroczy SE II."]
[WhiteTeamCountry "HUN"]
[BlackTeamCountry "HUN"]

1. c4 d5 2. cxd5 Qxd5 3. Nc3 Qa5 4. Nf3 Bg4 5. e3 e6 6. Be2 Nf6 7. h3 Bh5 8.
O-O Bd6 9. d4 c6 10. e4 Bb4 11. Bd2 Qc7 12. Nb5 cxb5 13. Bxb4 a6 14. Rc1 Qd8
15. Ne5 Bg6 16. d5 exd5 17. Bg4 Nc6 18. Nxc6 bxc6 19. exd5 Qxd5 20. Re1+ Be4
21. Qxd5 cxd5 22. f3 h5 23. Bc8 Kd8 24. Ba5+ Ke7 25. Bb7 Rab8 26. Bc6 Kf8 27.
fxe4 dxe4 28. Bxe4 Nxe4 29. Rxe4 Rh6 30. Rce1 Rc6 31. Bb4+ Kg8 32. Re8+ Rxe8
33. Rxe8+ Kh7 34. Re5 Rc2 35. Bc3 b4 36. Bxb4 Rxb2 37. a3 1-0

[Event "NB II. Toth Laszlo csoport"]
[Site "Oroshaza"]
[Date "2024.04.21"]
[Round "8.1"]
[White "Samu, Gabor Jr"]
[Black "Kunos, Zoltan"]
[Result "1-0"]
[WhiteElo "2328"]
[BlackElo "2059"]
[PlyCount "67"]
[EventDate "2023.10.08"]
[EventType "team-tourn"]
[EventRounds "9"]
[EventCountry "HUN"]
[Source "chess.hu"]
[WhiteTeam "Bekesi TE"]
[BlackTeam "Oroshazi SE"]
[WhiteTeamCountry "HUN"]
[BlackTeamCountry "HUN"]

1. d4 d5 2. c4 c6 3. Nc3 Nf6 4. Nf3 e6 5. Qb3 Nbd7 6. Bg5 h6 7. Bh4 Be7 8. e3
Qa5 9. Be2 O-O 10. O-O Re8 11. a3 a6 12. cxd5 exd5 13. Qc2 Bd6 14. Rae1 Ne4 15.
Nxe4 dxe4 16. Nd2 Qd5 17. f3 Qh5 18. g3 exf3 19. Rxf3 Nb6 20. Rf6 Qd5 21. Bf3
Qa5 22. Rxd6 Be6 23. g4 Nc8 24. Rxe6 Rxe6 25. Nb3 Qc7 26. Nc5 Rg6 27. Bg3 Qe7
28. e4 Nd6 29. a4 b6 30. Nd3 Qf6 31. Qf2 Nc4 32. e5 Qd8 33. Nf4 Rg5 34. h4 1-0

[Event "NB II. Toth Laszlo csoport"]
[Site "Oroshaza"]
[Date "2024.04.21"]
[Round "8.2"]
[White "Kakuk, Sandor"]
[Black "Varga, Tamas"]
[Result "0-1"]
[WhiteElo "2048"]
[BlackElo "2150"]
[PlyCount "30"]
[EventDate "2023.10.08"]
[EventType "team-tourn"]
[EventRounds "9"]
[EventCountry "HUN"]
[Source "chess.hu"]
[WhiteTeam "Oroshazi SE"]
[BlackTeam "Bekesi TE"]
[WhiteTeamCountry "HUN"]
[BlackTeamCountry "HUN"]

1. e4 e5 2. Nf3 Nc6 3. Bc4 Nf6 4. Ng5 d5 5. exd5 Na5 6. Bb5+ c6 7. dxc6 bxc6 8.
Be2 h6 9. Nf3 e4 10. Ne5 Bc5 11. c3 Bd6 12. d4 exd3 13. Nxd3 Bf5 14. O-O O-O
15. Bf4 Bxd3 0-1

[Event "NB II. Toth Laszlo csoport"]
[Site "Oroshaza"]
[Date "2024.04.21"]
[Round "8.3"]
[White "Szasz, Janos"]
[Black "Gyori, Szabolcs"]
[Result "1/2-1/2"]
[WhiteElo "2048"]
[BlackElo "2102"]
[PlyCount "40"]
[EventDate "2023.10.08"]
[EventType "team-tourn"]
[EventRounds "9"]
[EventCountry "HUN"]
[Source "chess.hu"]
[WhiteTeam "Bekesi TE"]
[BlackTeam "Oroshazi SE"]
[WhiteTeamCountry "HUN"]
[BlackTeamCountry "HUN"]

1. d4 Nf6 2. Nf3 d6 3. g3 Nbd7 4. Bg2 e5 5. dxe5 dxe5 6. O-O Be7 7. c4 O-O 8.
Nc3 c6 9. Qc2 Qc7 10. Bg5 h6 11. Bxf6 Bxf6 12. Rac1 Be7 13. Bh3 Nc5 14. Bxc8
Raxc8 15. Qf5 Bf6 16. Ne4 Nxe4 17. Qxe4 Qe7 18. Rfd1 Rcd8 19. Rxd8 Rxd8 20. Rc3
g6 1/2-1/2

[Event "NB II. Toth Laszlo csoport"]
[Site "Oroshaza"]
[Date "2024.04.21"]
[Round "8.4"]
[White "Kulcsar, Jozsef"]
[Black "Visnyei, Illes"]
[Result "1/2-1/2"]
[WhiteElo "1986"]
[BlackElo "2013"]
[PlyCount "45"]
[EventDate "2023.10.08"]
[EventType "team-tourn"]
[EventRounds "9"]
[EventCountry "HUN"]
[Source "chess.hu"]
[WhiteTeam "Oroshazi SE"]
[BlackTeam "Bekesi TE"]
[WhiteTeamCountry "HUN"]
[BlackTeamCountry "HUN"]

1. f4 d5 2. Nf3 Nf6 3. e3 Bf5 4. b3 h6 5. Bb2 e6 6. Be2 Bd6 7. O-O O-O 8. d3
Bc5 9. d4 Be7 10. Ne5 Nfd7 11. Bd3 Bxd3 12. Qxd3 Nxe5 13. fxe5 Nd7 14. Nd2 Rc8
15. c4 c6 16. Rf2 dxc4 17. Qxc4 b5 18. Qe2 Qb6 19. Ne4 c5 20. Raf1 cxd4 21.
exd4 f5 22. exf6 Nxf6 23. Nxf6+ 1/2-1/2

[Event "NB II. Toth Laszlo csoport"]
[Site "Oroshaza"]
[Date "2024.04.21"]
[Round "8.5"]
[White "Somogyi, Gabor"]
[Black "Bacsi, Kristof"]
[Result "1/2-1/2"]
[WhiteElo "1912"]
[BlackElo "1937"]
[PlyCount "123"]
[EventDate "2023.10.08"]
[EventType "team-tourn"]
[EventRounds "9"]
[EventCountry "HUN"]
[Source "chess.hu"]
[WhiteTeam "Bekesi TE"]
[BlackTeam "Oroshazi SE"]
[WhiteTeamCountry "HUN"]
[BlackTeamCountry "HUN"]

1. d4 d5 2. Nf3 Nf6 3. c4 dxc4 4. Nc3 e6 5. e3 c5 6. Bxc4 a6 7. a4 Nc6 8. O-O
cxd4 9. exd4 Bb4 10. Bg5 O-O 11. Qb3 Be7 12. Rfd1 Na5 13. Qa2 Nxc4 14. Qxc4 Bd7
15. Ne5 Rc8 16. Qb3 Bc6 17. Nxc6 Rxc6 18. Qxb7 Rb6 19. Qa7 Bd6 20. Bxf6 gxf6
21. a5 Rxb2 22. Qxa6 Qc7 23. Ne4 Bxh2+ 24. Kh1 f5 25. Ng5 Rxf2 26. Qd3 Qg3 27.
Qxg3 Bxg3 28. a6 Rb2 29. Rdb1 Rxb1+ 30. Rxb1 Ra8 31. Ra1 h6 32. Nf3 Kf8 33. Kg1
Ke7 34. Kf1 Kd6 35. Ke2 Kc6 36. Ke3 Kb6 37. Rh1 Rxa6 38. Rxh6 Ra3+ 39. Ke2 Kc6
40. Rh7 Ra2+ 41. Kd3 Rxg2 42. Rxf7 Bf4 43. Re7 Kd6 44. Ra7 Rb2 45. Ra6+ Kd7 46.
Ra7+ Kd6 47. Ra6+ Ke7 48. Ra7+ Kf6 49. Ra6 Rb3+ 50. Ke2 Rb5 51. Kd3 Rd5 52. Kc4
Rd6 53. Ra8 Be3 54. Rf8+ Ke7 55. Ra8 Bf2 56. Ra7+ Rd7 57. Rxd7+ Kxd7 58. d5 Be3
59. dxe6+ Kxe6 60. Kd3 Ba7 61. Ke2 Bb6 62. Nh4 1/2-1/2

[Event "NB II. Toth Laszlo csoport"]
[Site "Oroshaza"]
[Date "2024.04.21"]
[Round "8.6"]
[White "Monus, Zoltan"]
[Black "Takacs, Lajos"]
[Result "1/2-1/2"]
[WhiteElo "1952"]
[BlackElo "1988"]
[PlyCount "145"]
[EventDate "2023.10.08"]
[EventType "team-tourn"]
[EventRounds "9"]
[EventCountry "HUN"]
[Source "chess.hu"]
[WhiteTeam "Oroshazi SE"]
[BlackTeam "Bekesi TE"]
[WhiteTeamCountry "HUN"]
[BlackTeamCountry "HUN"]

1. d4 c5 2. d5 e5 3. e4 d6 4. Nc3 a6 5. a4 b6 6. f4 exf4 7. Bxf4 g5 8. Be3 Bg7
9. Qd2 h6 10. h4 g4 11. Nge2 Nd7 12. Ng3 Ne5 13. Nh5 Bf8 14. Bf4 Ng6 15. g3 Nf6
16. Nxf6+ Qxf6 17. O-O-O Bd7 18. Bg2 Ne5 19. Bxe5 Qxe5 20. Qf4 Bg7 21. Bf1 O-O
22. Bd3 Rfe8 23. Rhf1 Qxf4+ 24. gxf4 h5 25. Ne2 c4 26. Bxc4 Rxe4 27. b3 b5 28.
Bd3 Re3 29. axb5 axb5 30. Kd2 Rae8 31. Ng1 Bf6 32. Rf2 Bxh4 33. Rh2 Bg3 34.
Rxh5 Bxf4 35. Kc3 g3 36. Rf1 Be5+ 37. Kd2 Bg7 38. Rg5 R8e5 39. Bf5 Bxf5 40.
Rgxf5 Rxf5 41. Rxf5 Re5 42. Rxe5 Bxe5 43. Ke3 f5 44. c4 b4 45. Nf3 f4+ 46. Ke4
Kf7 47. c5 Ke7 48. c6 Kd8 49. Ne1 Bc3 50. Ng2 Bd2 51. Kf3 Ke7 52. Ke2 Bc1 53.
Nh4 Kd8 54. Nf5 Kc7 55. Kf3 Bb2 56. Nh4 Bf6 57. Ng2 Be5 58. Ne1 Bc3 59. Nd3 Bd2
60. Ke2 Be3 61. Ne1 Bd4 62. Kf3 Bc3 63. Nc2 Kb6 64. Kg2 Kc7 65. Kf3 Kd8 66. Kg2
Ke7 67. Kf3 Kd8 68. Kg2 Kc8 69. Kf3 Kb8 70. Kg2 Ka7 71. Kf3 Ka6 72. Kg2 Kb6 73.
Kf3 1/2-1/2

[Event "NB II. Toth Laszlo csoport"]
[Site "Oroshaza"]
[Date "2024.04.21"]
[Round "8.7"]
[White "Nagy, Gabor Dr"]
[Black "Biro, Istvan"]
[Result "1/2-1/2"]
[WhiteElo "1881"]
[BlackElo "1989"]
[PlyCount "41"]
[EventDate "2023.10.08"]
[EventType "team-tourn"]
[EventRounds "9"]
[EventCountry "HUN"]
[Source "chess.hu"]
[WhiteTeam "Bekesi TE"]
[BlackTeam "Oroshazi SE"]
[WhiteTeamCountry "HUN"]
[BlackTeamCountry "HUN"]

1. e4 e6 2. d4 d5 3. Nc3 Nf6 4. Bd3 c5 5. exd5 exd5 6. dxc5 Bxc5 7. Bg5 O-O 8.
Qd2 Re8+ 9. Nge2 Nc6 10. O-O-O Be6 11. f4 h6 12. Na4 Bb4 13. c3 hxg5 14. cxb4
gxf4 15. Qxf4 Rc8 16. Kb1 a5 17. bxa5 Qxa5 18. Nac3 d4 19. Nxd4 Nxd4 20. Qxd4
Red8 21. Qa4 1/2-1/2

[Event "NB II. Toth Laszlo csoport"]
[Site "Oroshaza"]
[Date "2024.04.21"]
[Round "8.8"]
[White "Bogdany, Gabor"]
[Black "Vertes, Imre"]
[Result "1-0"]
[WhiteElo "1936"]
[BlackElo "1879"]
[PlyCount "61"]
[EventDate "2023.10.08"]
[EventType "team-tourn"]
[EventRounds "9"]
[EventCountry "HUN"]
[Source "chess.hu"]
[WhiteTeam "Oroshazi SE"]
[BlackTeam "Bekesi TE"]
[WhiteTeamCountry "HUN"]
[BlackTeamCountry "HUN"]

1. e4 c5 2. c3 d5 3. exd5 Qxd5 4. Nf3 Bg4 5. Be2 Nc6 6. O-O O-O-O 7. b4 e5 8.
b5 Nb8 9. Nxe5 Bxe2 10. Qxe2 Bd6 11. d4 Nh6 12. Bxh6 gxh6 13. Qg4+ Nd7 14. c4
Qxd4 15. Qxd4 Bxe5 16. Qd3 Bxa1 17. Nc3 Bxc3 18. Qxc3 Rhg8 19. f4 Nb6 20. Qe5
Nd7 21. Qd5 f6 22. Rd1 Kb8 23. Qd6+ Kc8 24. a4 Nb6 25. Qxc5+ Kb8 26. Rxd8+ Rxd8
27. a5 Nc8 28. b6 axb6 29. axb6 Rd7 30. Qb5 Rd4 31. g3 1-0

[Event "NB II. Toth Laszlo csoport"]
[Site "Oroshaza"]
[Date "2024.04.21"]
[Round "8.9"]
[White "Gosztolya, Ferenc Dr"]
[Black "Berta, Gergely"]
[Result "1/2-1/2"]
[WhiteElo "1938"]
[BlackElo "1974"]
[PlyCount "91"]
[EventDate "2023.10.08"]
[EventType "team-tourn"]
[EventRounds "9"]
[EventCountry "HUN"]
[Source "chess.hu"]
[WhiteTeam "Bekesi TE"]
[BlackTeam "Oroshazi SE"]
[WhiteTeamCountry "HUN"]
[BlackTeamCountry "HUN"]

1. c4 Nf6 2. g3 g6 3. Bg2 Bg7 4. Nc3 O-O 5. Nf3 d5 6. cxd5 Nxd5 7. O-O c6 8. d4
Bf5 9. Re1 Nxc3 10. bxc3 Be4 11. Qb3 c5 12. e3 Qc8 13. Ba3 Nd7 14. Rac1 Bf6 15.
Nd2 Bxg2 16. Kxg2 b6 17. Ne4 c4 18. Qb4 Qc6 19. f3 Rfe8 20. Nxf6+ Nxf6 21. e4
Rac8 22. Rcd1 e6 23. Bc1 Nh5 24. Qb1 Rcd8 25. Bg5 f6 26. Be3 Kf7 27. Bf2 Qa4
28. Re2 Qa5 29. Be1 f5 30. Rb2 Nf6 31. Rb4 fxe4 32. fxe4 Qh5 33. Rd2 Qg4 34.
Rf2 Kg7 35. Rxc4 Nxe4 36. Rc7+ Kh8 37. Rff7 Ng5 38. Rf4 Qe2+ 39. Rf2 Qg4 40.
Qd3 Rf8 41. Qe3 Rxf2+ 42. Bxf2 Qf5 43. Qe5+ Qxe5 44. dxe5 Rd2 45. Kf1 Nf3 46.
Rxa7 1/2-1/2

[Event "NB II. Toth Laszlo csoport"]
[Site "Oroshaza"]
[Date "2024.04.21"]
[Round "8.10"]
[White "Safran, Istvan"]
[Black "Deak, Zoltan"]
[Result "1/2-1/2"]
[WhiteElo "1812"]
[BlackElo "1882"]
[PlyCount "28"]
[EventDate "2023.10.08"]
[EventType "team-tourn"]
[EventRounds "9"]
[EventCountry "HUN"]
[Source "chess.hu"]
[WhiteTeam "Oroshazi SE"]
[BlackTeam "Bekesi TE"]
[WhiteTeamCountry "HUN"]
[BlackTeamCountry "HUN"]

1. b4 d5 2. Bb2 Nf6 3. e3 Bf5 4. a3 c6 5. d3 g6 6. Nf3 Bg7 7. Nbd2 O-O 8. Be2
Nbd7 9. Nd4 e5 10. Nxf5 gxf5 11. g4 fxg4 12. Bxg4 Nxg4 13. Qxg4 f5 14. Qg2 Kh8
1/2-1/2

[Event "NB II. Toth Laszlo csoport"]
[Site "Oroshaza"]
[Date "2024.04.21"]
[Round "8.11"]
[White "Kovacs, Gergo Patrik"]
[Black "Vaczi, Sandor"]
[Result "1/2-1/2"]
[WhiteElo "1702"]
[BlackElo "1849"]
[PlyCount "34"]
[EventDate "2023.10.08"]
[EventType "team-tourn"]
[EventRounds "9"]
[EventCountry "HUN"]
[Source "chess.hu"]
[WhiteTeam "Bekesi TE"]
[BlackTeam "Oroshazi SE"]
[WhiteTeamCountry "HUN"]
[BlackTeamCountry "HUN"]

1. c4 c5 2. Nc3 Nc6 3. g3 g6 4. Bg2 Bg7 5. e3 e6 6. Nge2 Nge7 7. d4 cxd4 8.
exd4 d6 9. Bg5 O-O 10. O-O a6 11. Qd2 Qc7 12. Rac1 Rb8 13. d5 Ne5 14. b3 f6 15.
Bf4 Rd8 16. dxe6 Bxe6 17. Nd4 Bf7 1/2-1/2

[Event "NB II. Toth Laszlo csoport"]
[Site "Mako"]
[Date "2024.04.21"]
[Round "8.1"]
[White "Pap, Peter"]
[Black "Mokcsay, Robert"]
[Result "1-0"]
[WhiteElo "2168"]
[BlackElo "2237"]
[PlyCount "91"]
[EventDate "2023.10.08"]
[EventType "team-tourn"]
[EventRounds "9"]
[EventCountry "HUN"]
[Source "chess.hu"]
[WhiteTeam "Maroczy SE II."]
[BlackTeam "Duocor-Makoi SVSE II"]
[WhiteTeamCountry "HUN"]
[BlackTeamCountry "HUN"]

1. e4 c6 2. d4 d5 3. e5 Bf5 4. h4 h5 5. Bd3 Bxd3 6. Qxd3 e6 7. Bg5 Qb6 8. Nd2
Ne7 9. Ngf3 Nf5 10. O-O Qa6 11. Qb3 Qb5 12. c4 Qxb3 13. axb3 Nd7 14. c5 Be7 15.
b4 a6 16. Nb3 Rc8 17. Na5 Rc7 18. Rfe1 Bxg5 19. hxg5 O-O 20. Nb3 Kh7 21. Nfd2
Kg6 22. f4 h4 23. Kf2 Ng3 24. Kf3 Kh5 25. Nf1 Nxf1 26. Rxf1 f6 27. gxf6 gxf6
28. g4+ hxg3 29. Rh1+ Kg6 30. Rag1 Kf7 31. Rxg3 Rg8 32. Rh7+ Kf8 33. Kf2 Rxg3
34. Kxg3 f5 35. Na5 Ke8 36. Kh4 Kf8 37. Kg5 Ke8 38. Kh6 Kf8 39. Rh8+ Kf7 40.
Ra8 Nf8 41. Ra7 Ng6 42. Nxb7 Re7 43. Nd8+ Ke8 44. Rxe7+ Nxe7 45. Nxe6 Kf7 46.
Nc7 1-0